<?xml version="1.0" encoding="UTF-8"?><?xml-stylesheet type="text/xsl" href="static/style.xsl"?><OAI-PMH xmlns="http://www.openarchives.org/OAI/2.0/" xmlns:xsi="http://www.w3.org/2001/XMLSchema-instance" xsi:schemaLocation="http://www.openarchives.org/OAI/2.0/ http://www.openarchives.org/OAI/2.0/OAI-PMH.xsd"><responseDate>2026-04-14T06:22:46Z</responseDate><request verb="GetRecord" identifier="oai:www.recercat.cat:2445/122790" metadataPrefix="marc">https://recercat.cat/oai/request</request><GetRecord><record><header><identifier>oai:recercat.cat:2445/122790</identifier><datestamp>2025-12-05T06:10:17Z</datestamp><setSpec>com_2072_1057</setSpec><setSpec>col_2072_478792</setSpec><setSpec>col_2072_478917</setSpec></header><metadata><record xmlns="http://www.loc.gov/MARC21/slim" xmlns:dcterms="http://purl.org/dc/terms/" xmlns:xsi="http://www.w3.org/2001/XMLSchema-instance" xmlns:doc="http://www.lyncode.com/xoai" xsi:schemaLocation="http://www.loc.gov/MARC21/slim http://www.loc.gov/standards/marcxml/schema/MARC21slim.xsd">
   <leader>00925njm 22002777a 4500</leader>
   <datafield ind2=" " ind1=" " tag="042">
      <subfield code="a">dc</subfield>
   </datafield>
   <datafield ind2=" " ind1=" " tag="720">
      <subfield code="a">Andrades Márquez, Tana</subfield>
      <subfield code="e">author</subfield>
   </datafield>
   <datafield ind2=" " ind1=" " tag="720">
      <subfield code="a">Rossell Badia, Anna</subfield>
      <subfield code="e">author</subfield>
   </datafield>
   <datafield ind2=" " ind1=" " tag="720">
      <subfield code="a">Florensa Flix, Montserrat</subfield>
      <subfield code="e">author</subfield>
   </datafield>
   <datafield ind2=" " ind1=" " tag="260">
      <subfield code="c">2018-06-05T10:17:59Z</subfield>
   </datafield>
   <datafield ind2=" " ind1=" " tag="260">
      <subfield code="c">2018-06-05T10:17:59Z</subfield>
   </datafield>
   <datafield ind2=" " ind1=" " tag="260">
      <subfield code="c">2018-06-05</subfield>
   </datafield>
   <datafield ind2=" " ind1=" " tag="520">
      <subfield code="a">[cat] En el Taller de Restauració del CRAI de la Universitat de Barcelona vam restaurar el mapa de la “Rivière Longue” del baró de Lahontan. Es tracta d’un mapa de 1703 que descriu el descobriment del riu Missouri, afluent del Mississipí. Aquest document mostra tant la geografia com la cultura de la zona en el moment de l’arribada dels descobridors europeus. La particularitat més especial d’aquest mapa és que, 300 anys després d’haver-se dibuixat, encara provoca discussions sobre la veracitat de la informació que conté.</subfield>
   </datafield>
   <datafield ind2=" " ind1=" " tag="520">
      <subfield code="a">[spa] En el Taller de Restauración del CRAI de la Universidad de Barcelona restauramos el mapa de la "Rivière Longue" del barón de Lahontan. Se trata de un mapa de 1703 que describe el descubrimiento del río Missouri, afluente del Misisipi. Este documento muestra tanto la geografía como la cultura de la zona en el momento de la llegada de los descubridores europeos. La particularidad más especial de este mapa es que, 300 años después de haberse dibujado, todavía provoca discusiones sobre la veracidad de la información que contiene.</subfield>
   </datafield>
   <datafield ind2=" " ind1=" " tag="520">
      <subfield code="a">[eng] In the CRAI’s Restoration Laboratory, of the University of Barcelona, we restored the map of the "Rivière Longue" of the baron de Lahontan. It is a map of 1703 that describes the discovery of the Missouri River, a tributary of the Mississippi. This document shows both the geography and the culture of the area at the time of the arrival of European discoverers. The most special feature of this map is that, 300 years after it was drawn, it still provokes discussions about the veracity of the information it contains.</subfield>
   </datafield>
   <datafield tag="653" ind2=" " ind1=" ">
      <subfield code="a">Conservació i restauració</subfield>
   </datafield>
   <datafield tag="653" ind2=" " ind1=" ">
      <subfield code="a">Mapes antics</subfield>
   </datafield>
   <datafield tag="653" ind2=" " ind1=" ">
      <subfield code="a">Conservation and restoration</subfield>
   </datafield>
   <datafield tag="653" ind2=" " ind1=" ">
      <subfield code="a">Early maps</subfield>
   </datafield>
   <datafield tag="653" ind2=" " ind1=" ">
      <subfield code="a">Universitat de Barcelona. CRAI Taller de Restauració</subfield>
   </datafield>
   <datafield tag="653" ind2=" " ind1=" ">
      <subfield code="a">Lahontan, baron de, 1666-1716, cartògraf</subfield>
   </datafield>
   <datafield ind2="0" ind1="0" tag="245">
      <subfield code="a">Carte de la rivière Longue et de quelques autres qui se déchargent dans le grand fleuve de Missisipi. Carte que les Gnacsitaires ont dessiné sur des peaux de cerfs</subfield>
   </datafield>
</record></metadata></record></GetRecord></OAI-PMH>